000 00390 a2200157 4500
003 Nust
005 20170207171533.0
020 _a0195117719
040 _cNust
082 _a621.382
100 _aSmith,C Kenneth
245 _aKC' problems and solutions (EBOOK)
_bmicroelectronic circuits
_cKenneth C smith
250 _a4th ed
260 _aNew York
_bOxford Uni press
_c1998
300 _a459,p;
942 _2ddc
_cBK
999 _c217133
_d217133